Countries With the Most Coal Power Plants - Statistics

General Stats
  • This quiz has been taken 41 times
  • The average score is 14 of 18
Answer Stats
# Country % Correct
1,161 China
100%
285 India
100%
204 United States
97%
65 Russia
92%
90 Indonesia
87%
18 Australia
84%
48 Germany
84%
89 Japan
84%
41 Poland
82%
25 South Korea
79%
19 Ukraine
76%
25 Vietnam
76%
34 Turkey
74%
18 South Africa
66%
27 Philippines
58%
22 Kazakhstan
55%
18 Taiwan
45%
24 Czech Republic
26%
No matching quizzes found
Score Distribution
Percent of People with Each Score
Percentile by Number Answered
Your Score History
You have not taken this quiz